John Wesley Powell and the anthropology of the Canyon Country /

Bibliographic Details
Main Author: Fowler, Don D., 1936-
Other Authors: Euler, Robert C., Fowler, Catherine S.
Format: Government Document Book
Language:English
Published: Washington : U.S.G.P.O., 1969.
Series:Geological Survey professional paper ; 670.
Subjects:

MARC

Tag First Indicator Second Indicator Subfields
LEADER 00000cam a2200000 a 4500
001 in00002783516
005 20150922151211.0
008 700624s1969 dcuab b 000 0 eng
010 |a  77601670  
035 |a (OCoLC)ocm00080077 
035 |a (OCoLC)80077 
040 |a DLC  |c DLC  |d OWU  |d OCLCG  |d CRU  |d UMS  |d DNN  |d WAU  |d UtOrBLW 
043 |a n-usp-- 
049 |a TXAM 
050 1 4 |a QE75  |b .P9 no.670 1969 
051 |a E78.C6  |b F6  |c Copy 2. 
082 0 4 |a 550/.8 s 
086 0 |a I 19.16:670 
100 1 |a Fowler, Don D.,  |d 1936- 
245 1 0 |a John Wesley Powell and the anthropology of the Canyon Country /  |c by Don D. Fowler, Robert C. Euler, and Catherine S. Fowler. 
264 1 |a Washington :  |b U.S.G.P.O.,  |c 1969. 
300 |a v, 30 pages :  |b illustrations, maps ;  |c 29 cm. 
336 |a text  |b txt  |2 rdacontent 
337 |a unmediated  |b n  |2 rdamedia 
338 |a volume  |b nc  |2 rdacarrier 
490 1 |a Geological Survey professional paper ;  |v 670 
504 |a Includes bibliographical references (pages 28-30). 
505 0 |a John Wesley Powell's anthropological fieldwork / Don D. Fowler and Catherine S. Fowler -- The archeology of the canyon country / Robert C. Euler -- The ethnography of the canyon country / Don D. Fowler and Catherine S. Fowler -- Extracts from John Wesley Powell's notes on the Indians. Means of subsistence ; Animal food ; Courtship and marriage ; Mythology and beliefs (The boundaries of the earth ; The origin of the ca~nons of the Colorado ; The origin of mountains, valleys, [and] ca~nons ; Origin of the Pai-Utes). 
600 1 0 |a Powell, John Wesley,  |d 1834-1902. 
650 0 |a Indians of North America  |z Colorado River Valley (Colo.-Mexico) 
700 1 |a Euler, Robert C. 
700 1 |a Fowler, Catherine S. 
830 0 |a Geological Survey professional paper ;  |v 670. 
948 |a cataloged  |b h  |c 2012/11/27  |d c  |e mvaldespin  |f 01:53:26 pm 
994 |a C0  |b TXA 
999 |a MARS 
999 f f |s 800cbf65-e28d-3989-ad77-dfcce9e32e95  |i cd78362f-8f4d-3ac6-9203-d122a4e53c39  |t 0 
952 f f |p normal  |a Texas A&M University  |b College Station  |c Sterling C. Evans Library  |d Evans: US Documents (Annex 5th floor)  |t 0  |e I 19.16:670  |h Superintendent of Documents classification  |i unmediated -- volume  |m A14839368660 
998 f f |a I 19.16:670  |t 0  |l Evans: US Documents (Annex 5th floor)